| 000 -LEADER |
| fixed length control field |
01635nam a22001937a 4500 |
| 005 - DATE AND TIME OF LATEST TRANSACTION |
| control field |
20260203151646.0 |
| 008 - FIXED-LENGTH DATA ELEMENTS--GENERAL INFORMATION |
| fixed length control field |
260129b ||||| |||| 00| 0 eng d |
| 040 ## - CATALOGING SOURCE |
| Transcribing agency |
SSBUL |
| 082 ## - DEWEY DECIMAL CLASSIFICATION NUMBER |
| Edition number |
23 |
| Item number |
T-34 Ph.D |
| 100 0# - MAIN ENTRY--PERSONAL NAME |
| Personal name |
Than Than Soe |
| Numeration |
2013 4PhD-Hist-6 |
| 9 (RLIN) |
65836 |
| 245 10 - TITLE STATEMENT |
| Title |
History of Myanmar music in Mandalay( 1948-1988) / |
| Statement of responsibility, etc. |
Than Than Soe, |
| Medium |
English. |
| 260 ## - PUBLICATION, DISTRIBUTION, ETC. |
| Place of publication, distribution, etc. |
Mandalay: |
| Name of publisher, distributor, etc. |
University of Mandalay, |
| Date of publication, distribution, etc. |
2013. |
| 300 ## - PHYSICAL DESCRIPTION |
| Extent |
xii, 163 p. , |
| Other physical details |
Included images. |
| Dimensions |
29 cm. |
| 502 ## - DISSERTATION NOTE |
| Dissertation note |
This dissertation examines the development of Myanmar music of Mandalay from 1948 to 1988. In the research works, the nature of Myanmar music and its development, Mandalay musicians and their works, celebrated performers of Mandalay and their socio-economic life, music bands and stage performances of Mandalay called A -nyeint and development of A-nyeint songs are discussed in detail. The facts of why Mandalay was recognized as the heart of Myanmar culture, how the musicians of Mandalay handed down the cultural legacy from generation to generation and why the development process of Myanmar music shifted to Yangon and Lower Myanmar were also discussed. In other words, the discussion made on the role of Mandalay in the development of music and culture of Myanmar. |
| Degree type |
PhD |
| Name of granting institution |
University of Mandalay |
| Year degree granted |
2013. |
| 504 ## - BIBLIOGRAPHY, ETC. NOTE |
| Bibliography, etc. note |
Included bibliography. |
| 505 ## - FORMATTED CONTENTS NOTE |
| Formatted contents note |
Introduction<br/>Chapters<br/>1. The general conditions of Myanmar music before 1948<br/>2. Musicians of Mandalay<br/>3. Famous vocalists and the development of Myanmar music<br/>4. Art associations of Mandalay<br/>Conclusion. |
| 650 ## - SUBJECT ADDED ENTRY--TOPICAL TERM |
| Topical term or geographic name entry element |
Myanmar music |
| Geographic subdivision |
Mandalay |
| General subdivision |
History |
| Chronological subdivision |
1948 to 1988. |
| 9 (RLIN) |
65837 |
| 942 ## - ADDED ENTRY ELEMENTS (KOHA) |
| Source of classification or shelving scheme |
|
| Koha item type |
Reference |